Ripley underground Η επιστροφή του κυρίου Ρίπλεϊ
Ο Ντίργοτ, φίλος του Ρίπλεϊ και πολλά υποσχόμενος καλλιτέχνης, σκοτώνεται σε αυτοκινητιστικό δυστύχημα. Ο Ρίπλεϊ αποφασίζει να αποκρύψει τον θάνατο του προκειμένου να εκμεταλλευτεί το όνομα και την περιουσία του. Όλα αυτά μέχρι να εμφανιστεί ο Μάρκισον, ένα πανέξυπνος έμπορος τέχνης....
Αποθηκεύτηκε σε:
| Άλλοι συγγραφείς: | , , |
|---|---|
| Μορφή: | |
| Γλώσσα: | English Greek |
| Δημοσίευση: |
[Χ.τ.] :
χ.ό.],
2005.
|
| Θέματα: | |
| Ετικέτες: |
Προσθήκη ετικέτας
Δεν υπάρχουν, Καταχωρήστε ετικέτα πρώτοι!
|
MARC
| LEADER | 00000cgm a2200000 a 4500 | ||
|---|---|---|---|
| 001 | 1/123483 | ||
| 008 | 210910s2005####xx ||| | || ||eng|| | ||
| 040 | |a GR-MyUa |b gre |c GR-MyUa |e AACR2 | ||
| 041 | 0 | |a eng |j gre | |
| 082 | 7 | |a 791.437 |2 (23) | |
| 245 | 0 | 0 | |a Ripley underground |h [μαγνητοσκόπηση] = |b Η επιστροφή του κυρίου Ρίπλεϊ / |c Director Roger Spottiswoode. |
| 246 | 1 | |i Παράλληλος τίτλος: |a Η επιστροφή του κυρίου Ρίπλεϊ | |
| 260 | |a [Χ.τ.] : |b χ.ό.], |c 2005. | ||
| 300 | |a 1 βιντεοδίσκος (101 λεπτά) : |b ομίλ., έγχρ. ; |c 4 3/4 ίν. | ||
| 500 | |a Κυκλοφόρησε πρώτη φορά ως κινηματογραφική ταινία το 2005. | ||
| 508 | |a Σενάριο, W. Blake Herron, Donald E. Westlake ; βασισμένο στο μυθιστόρημα της Patricia Highsmithl "Ripley Under Ground". | ||
| 511 | 0 | |a Barry Pepper, Alan Cummings, Jacinda Barrett, Claire Forlani, Tom Wilkinson, Willem Dafoe. | |
| 520 | 8 | |a Ο Ντίργοτ, φίλος του Ρίπλεϊ και πολλά υποσχόμενος καλλιτέχνης, σκοτώνεται σε αυτοκινητιστικό δυστύχημα. Ο Ρίπλεϊ αποφασίζει να αποκρύψει τον θάνατο του προκειμένου να εκμεταλλευτεί το όνομα και την περιουσία του. Όλα αυτά μέχρι να εμφανιστεί ο Μάρκισον, ένα πανέξυπνος έμπορος τέχνης. | |
| 546 | |a Στα αγγλικά με υπότιτλους στα ελληνικά. | ||
| 650 | 0 | |a Ripley, Tom (Fictitious character) |v Drama. | |
| 655 | 7 | |a Feature films |2 lcgft | |
| 700 | 1 | |a Spottiswoode, Roger, |e drt | |
| 700 | 1 | |a Pepper, Barry, |d 1970- |e act | |
| 700 | 1 | |a Dafoe, Willem, |e act | |
| 970 | |a Κοντού |b Παρασκευή |z 10/09/2021 | ||